000 01113nmm a2200421 a 4500
003 AR-BaBNM
005 20251128204135.0
008 190020s1991 ||||||||||||||000 | spa||
020 _a950-07-0701-2
040 _cAR-BaBNM
100 1 _aSáenz Quesada, María
245 1 0 _aLos estancieros
260 _aBuenos Aires
_bSudamericana
_c1991
300 _a339 p.
_bláms.
500 _aContiene referencias bibliográficas
600 1 4 _aObligado, Rafael
600 1 4 _aDíaz Vélez, Matilde
600 1 4 _aEstrugamou, Pedro Antonio
600 1 4 _aBioy Casares, Adolfo
600 1 4 _aOlivera, Domingo
650 4 _aHISTORIA ARGENTINA
650 4 _aHISTORIA ECONOMICA
650 4 _aPERIODO HISPANICO
650 4 _aPERIODO INDEPENDIENTE
650 4 _aORGANIZACION NACIONAL
650 4 _aGANADO
650 4 _aCABALLOS
650 4 _aAGRICULTURA
650 4 _aHISTORIA PROVINCIAL ARGENTINA
650 4 _aOVEJAS
650 4 _aGENERACION DE 1880
650 4 _aROSAS Y SU TIEMPO
653 _aGAUCHOS
653 _aESTANCIAS
653 _aFISIOCRACIA
942 _cBK
998 _cMariana
999 _c6336
_d6336